000 00337nam a2200133Ia 4500
008 240624s9999 xx 000 0 und d
041 _aeng
082 _a332.632 IIB
100 _aIIBF
245 _aSECURITIES MARKETS AND PRODUCTS
260 _c2011
_aNew Delhi
_bTaxmann Publications Pvt. Ltd.
300 _a584 : p.
365 _cRS
_b29
999 _c18152
_d18152